Future Countries? - Statistics

General Stats
  • This quiz has been taken 63 times
  • The average score is 9 of 14
Answer Stats
Current Countries Future Country? % Correct
Denmark Greenland
93%
Israel Palestine
93%
Somalia Somaliland
86%
Spain Catalonia
82%
Morocco, Mauritania Sahrawi Arab Democratic Republic
82%
China Tibet
82%
Iraq Kurdistan
67%
United States Puerto Rico
67%
Georgia Abkhazia & South Ossetia
56%
Papua New Guinea Bougainville
49%
Ukraine Donetsk & Luhansk
39%
Canada Alberta
37%
South Sudan, Kenya,Tanzania, Rwanda, Burundi, Uganda East African Federation
23%
India Jammu & Kashmir
18%
No matching quizzes found
Score Distribution
Percent of People with Each Score
Percentile by Number Answered
Your Score History
You have not taken this quiz